|
|
|
|
| LEADER |
01687cas a2200241 a 4500 |
| 001 |
AALejournalIMF005454 |
| 008 |
230101c9999 xx r poo 0 0eng d |
| 020 |
|
|
|c 5.00 USD
|
| 020 |
|
|
|z 9781451871180
|
| 022 |
|
|
|a 1018-5941
|
| 040 |
|
|
|a BD-DhAAL
|c BD-DhAAL
|
| 100 |
1 |
|
|a Milesi-Ferretti, Gian.
|
| 245 |
1 |
0 |
|a Fundamentals at Odds? :
|b The U.S. Current Account Deficit and The Dollar /
|c Gian Milesi-Ferretti.
|
| 264 |
|
1 |
|a Washington, D.C. :
|b International Monetary Fund,
|c 2008.
|
| 300 |
|
|
|a 1 online resource (29 pages)
|
| 490 |
1 |
|
|a IMF Working Papers
|
| 500 |
|
|
|a <strong>Off-Campus Access:</strong> No User ID or Password Required
|
| 500 |
|
|
|a <strong>On-Campus Access:</strong> No User ID or Password Required
|
| 506 |
|
|
|a Electronic access restricted to authorized BRAC University faculty, staff and students
|
| 520 |
3 |
|
|a The real effective exchange rate of the dollar is close to its minimum level for the past 4decades (as of September 2008). At the same time, however, the U.S. trade and currentaccount deficits remain large and, absent a significant correction in coming years, wouldcontribute to a further accumulation of U.S. external liabilities. The paper discusses thetension between these two aspects of the dollar assessment, and what factors can helpreconcile them. It focuses in particular on the terms of trade, adjustment lags, andmeasurement issues related to both the real effective exchange rate and the current accountbalance.
|
| 538 |
|
|
|a Mode of access: Internet
|
| 830 |
|
0 |
|a IMF Working Papers; Working Paper ;
|v No. 2008/260
|
| 856 |
4 |
0 |
|z Full text available on IMF
|u http://elibrary.imf.org/view/journals/001/2008/260/001.2008.issue-260-en.xml
|z IMF e-Library
|